| 000 | 00578nam a2200253 a 4500 | ||
|---|---|---|---|
| 001 | nice12345678 | ||
| 003 | IN_TiNIC | ||
| 005 | 20260116011910.0 | ||
| 008 | 050524s0000 beia grp 000 0 ara | ||
| 020 |
_a _c100 |
||
| 082 | 0 | 0 |
_a230 _bISH1 |
| 100 | _aIshraqiyya, Nurud-Din | ||
| 245 | _aAl-Naurah | ||
| 250 | _a3rd ed. | ||
| 260 |
_aBeirut _bMatba-Al-Khal _c0000 |
||
| 300 | _a200p | ||
| 500 | _aincludes index and biblioraphy | ||
| 505 | 2 | _aMaps | |
| 650 | _aTheology | ||
| 700 | 1 | _aIshraqiyya, Nurud-Din | |
| 902 | _bSRS | ||
| 942 | _cBK | ||
| 999 |
_c4800 _d4800 |
||